| 000 | 02667nam0a2200421 4500 | ||
|---|---|---|---|
| 001 | RU\NLR\BIBL_A\022812231 | ||
| 005 | 20260607130254.0 | ||
| 010 |
_a978-5-16-021687-4 _bprint _9500 |
||
| 035 | _a(NLR Aleph) 022812231 | ||
| 090 |
_a13725805 _c13725805 |
||
| 100 | _a20260520d2026 u y0rusy50 ca | ||
| 101 | 0 | _arus | |
| 102 | _aRU | ||
| 105 | _aa j 000yy | ||
| 181 | 0 |
_ai _baxxe |
|
| 182 | 0 | _an | |
| 200 | 1 |
_aАдминистративно-военное право _eучебник _fИ. А. Адмиралова, Г. Н. Василенко, А. А. Гасак [и др.] _gпод редакцией доктора юридических наук, профессора М. В. Костенникова, доктора юридических наук, профессора А. В. Куракина _gВсероссийский институт повышения квалификации сотрудников Министерства внутренних дел Российской Федерации |
|
| 203 |
_aТекст _bвизуальный _cнепосредственный |
||
| 210 |
_aМосква _cИНФРА-М _d2026 |
||
| 215 |
_a501 с. _cил., табл. _d22 |
||
| 225 | 1 | _aВысшее образование | |
| 300 | _aАвт. указаны на обороте тит. с. в макете | ||
| 300 | _aНа 3-й с. авт.: Адмиралова И. А., д-р юрид. наук, доц., проф., Василенко Г. Н., канд. юрид. наук, доц., Гасак А. А., полк. полиции [и др.] | ||
| 300 | _aНа тит. с.: Электрон.-библ. система znanium | ||
| 301 | _aDOI: 10.12737/2235401 | ||
| 320 | _aБиблиогр.: с. 494–498 (84 назв.) и в подстроч. примеч. | ||
| 606 | 1 |
_aВоенное право _yРоссийская Федерация _jУчебники для высших учебных заведений _2nlr_sh1 _2nlr_sh2 _3RU\NLR\AUTH\661228791 |
|
| 686 | 1 | _aЦ4,6(2Р)2я73-1 | |
| 686 | 1 | _aХ621.161я73 | |
| 701 | 1 |
_aАдмиралова _bИ. А. _gИрина Александровна |
|
| 701 | 1 |
_aВасиленко _bГ. Н. _gГлеб Николаевич |
|
| 701 | 1 |
_aГасак _bА. А. _gАлексей Александрович |
|
| 702 | 1 |
_aКостенников _bМ. В. _f1965- _gМихаил Валерьевич _4340 |
|
| 712 | 0 | 2 |
_aВсероссийский институт повышения квалификации сотрудников МВД России _cДомодедово _3RU\NLR\AUTH\880580958 _4570 |
| 942 | _cBOOK | ||
| 980 | _aNB | ||